书目信息 |
| 题名: |
凸分析讲义
|
|
| 作者: | 李庆娜 , 李萌萌 , 于盼盼 著 | |
| 分册: | ||
| 出版信息: | 北京 科学出版社 2019 |
|
| 页数: | 145页 | |
| 开本: | 24cm | |
| 丛书名: | ||
| 单 册: | ||
| 中图分类: | O174.13 | |
| 科图分类: | ||
| 主题词: | 凸分析--tu fen xi | |
| 电子资源: | ||
| ISBN: | 978-7-03-060504-7 | |
| 000 | 01094nam0 2200277 450 | |
| 001 | 012001002853 | |
| 005 | 20140125152304.0 | |
| 010 | @a978-7-03-060504-7@dCNY58.00 | |
| 099 | @aCAL 012019032860 | |
| 100 | @a20190325d2019 em y0chiy50 ea | |
| 101 | 0 | @achi |
| 102 | @aCN@b110000 | |
| 105 | @ay a 000yy | |
| 106 | @ar | |
| 200 | 1 | @a凸分析讲义@Atu fen xi jiang yi@f李庆娜, 李萌萌, 于盼盼编 |
| 210 | @a北京@c科学出版社@d2019 | |
| 215 | @a145页@d24cm | |
| 320 | @a有书目 | |
| 330 | @a本书主要讲述了最优化理论的基础-凸分析的主要内容。结合作者五年来在优化教学课程中的经验及凸分析讨论班的开设内容,总结整理而成。较已有的凸分析教材,更多地融入了大量优化研究内容用的应用案例及图片,使得对知识点的理解更加简单形象,便于研究生及本科生作为教材及优化的参考书。本书主要介绍了凸分析的基本内容:仿射集、凸集、及凸集上的运算,凸集的拓扑性质等。 | |
| 606 | 0 | @a凸分析@Atu fen xi |
| 690 | @aO174.13@v5 | |
| 701 | 0 | @a李庆娜@Ali qing na@4著 |
| 701 | 0 | @a李萌萌@Ali meng meng@4著 |
| 701 | 0 | @a于盼盼@Ayu pan pan@4著 |
| 801 | 0 | @aCN@b北京卓展@c20191020 |
| 905 | @b1204516-9@dO174.13@e242@f4 | |
| 凸分析讲义/李庆娜, 李萌萌, 于盼盼编.-北京:科学出版社,2019 |
| 145页;24cm |
| ISBN 978-7-03-060504-7:CNY58.00 |
| 本书主要讲述了最优化理论的基础-凸分析的主要内容。结合作者五年来在优化教学课程中的经验及凸分析讨论班的开设内容,总结整理而成。较已有的凸分析教材,更多地融入了大量优化研究内容用的应用案例及图片,使得对知识点的理解更加简单形象,便于研究生及本科生作为教材及优化的参考书。本书主要介绍了凸分析的基本内容:仿射集、凸集、及凸集上的运算,凸集的拓扑性质等。 |
| ● |
| 相关链接 |
|
|
|
|
正题名:凸分析讲义
索取号:O174.13/242
 
预约/预借
| 序号 | 登录号 | 条形码 | 馆藏地/架位号 | 状态 | 备注 |
| 1 | 1204516 | 212045160 | 第二样本阅览室/ [索取号:O174.13/242] | 在馆 | |
| 2 | 1204517 | 212045179 | 第三借阅区/ [索取号:O174.13/242] | 在馆 | |
| 3 | 1204518 | 212045188 | 第三借阅区/ [索取号:O174.13/242] | 在馆 | |
| 4 | 1204519 | 212045197 | 第三借阅区/ [索取号:O174.13/242] | 在馆 |